Catàleg del Col·legi de Periodistes de Catalunya

Revista General de Información y Documentación (Registre núm. 6659)

000 -CABECERA
Longitud fija campo de control 00684nas a22002057a 4500
003 - IDENTIFICADOR DEL NÚMERO DE CONTROL
Identificador del número de control CDMR
005 - FECHA Y HORA DE LA ÚLTIMA TRANSACCIÓN
Fecha y hora de la última transacción 20181023121616.0
007 - CAMPO FIJO DE DESCRIPCIÓN FÍSICA
Campo fijo de descripción f&íacute;sica ta
008 - CÓDIGOS DE INFORMACIÓN DE LONGITUD FIJA
Códigos de información de longitud fija 131031c1991 sp ar||| |||| 0 0 spa d
022 ## - NÚMERO INTERNACIONAL NORMALIZADO PARA PUBLICACIONES SERIADAS
Número Internacional Normalizado para Publicaciones Seriadas 11321873
040 ## - FUENTE DE LA CATALOGACIÓN
Centro transcriptor CDMR
Lengua de catalogación cat
245 00 - MENCIÓN DE TÍTULO
Título Revista General de Información y Documentación
260 ## - PUBLICACIÓN, DISTRIBUCIÓN, ETC. (PIE DE IMPRENTA)
Lugar de publicación, distribución, etc. Madrid
Nombre del editor, distribuidor, etc. Universidad Complutense
Fecha de publicación, distribución, etc. 1993
300 ## - DESCRIPCIÓN FÍSICA
Extensión v.
650 04 - PUNTO DE ACCESO ADICIONAL DE MATERIA - TÉRMINO DE MATERIA
9 (RLIN) 4578
Término de materia o nombre geográfico como elemento inicial Comunicació en biblioteconomia
650 04 - PUNTO DE ACCESO ADICIONAL DE MATERIA - TÉRMINO DE MATERIA
9 (RLIN) 4579
Término de materia o nombre geográfico como elemento inicial Comunicació en ciències de la informació
710 2# - PUNTO DE ACCESO ADICIONAL - NOMBRE DE ENTIDAD
9 (RLIN) 3910
Nombre de entidad o nombre de jurisdicción como elemento inicial Universidad Complutense de Madrid
Unidad subordinada -- Facultad de Ciencias de la Información
856 40 - LOCALIZACIÓN Y ACCESO ELECTRÓNICO
Identificador Uniforme del Recurso (URI) <a href="http://revistas.ucm.es/index.php/RGID/">http://revistas.ucm.es/index.php/RGID/</a>
Texto del enlace Disponible en línia (UCM)
856 40 - LOCALIZACI&Oacute;N Y ACCESO ELECTR&Oacute;NICO
Identificador Uniforme del Recurso (URI) <a href="https://dialnet.unirioja.es/servlet/revista?codigo=1234">https://dialnet.unirioja.es/servlet/revista?codigo=1234</a>
Texto del enlace Disponible a Dialnet
942 ## - ENTRADA DE ELEMENTOS AGREGADOS (KOHA)
Fuente de clasificaión o esquema
Koha [por defecto] tipo de item Publicacions periòdiques
Fons
Suprimido Perdido Estropeado No para pr&eacute;stamo Localizaci&oacute;n permanente Localizaci&oacute;n actual Fecha adquisici&oacute;n Fuente de adquisici&oacute;n C&oacute;digo de barras Fecha &uacute;ltima consulta Fecha del precio de reemplazo Tipo de item de Koha
        Centre de Documentació Montserrat Roig Centre de Documentació Montserrat Roig 2013-01-16 Intercanvi CDMR13109304 2013-10-31 2013-10-31 Publicacions periòdiques

Implantat amb Koha